| 000 | 01754nam a2200241Ia 4500 | ||
|---|---|---|---|
| 999 |
_c43729 _d43729 |
||
| 001 | 10473 | ||
| 003 | GE_BSU | ||
| 005 | 20240219163656.0 | ||
| 008 | 181216s2013||||ge |||||||||||||| ||geo|| | ||
| 020 | _a15123162 | ||
| 041 | _ageo | ||
| 080 | _a378(479.22)(063) ბ-17 | ||
| 245 |
_aბათუმის შოთა რუსთაველის სახელმწიფო უნივერსიტეტი : _bშრომები.V: სოციალურ მეცნიერებათა,ბიზნესისა და სამართალმცოდნეობის ფაკულტეტი / _cსარედ.კოლ.ადამ მახარაძე(თავმჯდომარე),ირაკლი მანველიძე(რედაქტორი),მურმან გორგოშაძე და სხვ. |
||
| 264 |
_aთბილისი: _bუნივერსალი, _c2013. |
||
| 300 |
_a234 გვ.: _b20 სმ. |
||
| 440 |
_aსოციალურ მეცნიერებათა და იურიდულ მეცნიერებათა სერია _921255 |
||
| 653 | _aბათუმის შოთა რუსთაველის სახელმწიფო უნივერსიტეტი | ||
| 653 | _aსოციალურ მეცნიერებათა,ბიზნესისა და სამართალმცოდნეობის ფაკულტეტი | ||
| 653 | _aშრომები.V | ||
| 700 |
_aმახარაძე, ადამ _eთავმჯდომარე _95625 |
||
| 700 |
_aმანველიძე, ირაკლი _eრედაქტორი _92014 |
||
| 942 |
_cSHR _2udc |
||